banner-ar

بين النيل و القدس : (Record no. 62882)

MARC details
000 -الفاتح
حقل البيانات ثابتة الطول 00935nam a22002417a 4500
005 - وقت وتاريخ اخر تعامل مع التسجيلة
رقم الضبط 20240530110612.0
008 - عناصر البيانات ثابتة الطول - معلومات عامة
حقل البيانات ثابتة الطول 160803s2013 ua f 000 0bara d
017 ## - رقم الايداع القانونى
رقم الايداع القانونى 2011/11593
المصدر ( الهيئة المختصة) مصر . دار الكتب المصرية
020 ## - الرقم الدولى المعيارى للكتب
الرقم الدولى المعيارى للكتاب 9789770930564
040 ## - مصدر الفهرسة
وكالة الفهرسة الأصلية EG-CaGPL
082 04 - رقم تصنيف ديوى العشرى
رقم الطبعة 21
رقم التصنيف 923.2
رقم المادة ق/ب ب
100 0# - المدخل الرئيسى - إسم شخصى
الإسم الشخصى بطرس بطرس غالى
245 10 - بيان العنوان
العنوان بين النيل و القدس :
بقية العنوان يوميات دبلوماسى مصرى /
بيان المسئوليه,etc بطرس بطرس غالى ؛ ترجمة ناجى رمضان ؛ مراجعة دينا عزت
250 ## - بيان الطبعة
بيان الطبعة ط. 1
260 ## - PUBLICATION, DISTRIBUTION, ETC. (IMPRINT)
تاريخ النشر أو التوزيع 2013 .
300 ## - الوصف المادى
التعداد 400 ص. ؛
أبعاد الوعاء 24 سم +
المادة المصاحبة ملاحق .
600 04 - المدخل الاضافى بالموضوع-اسم شخصى
الإسم الشخصى بطرس بطرس غالى
التقسيم الفرعي العام المذكرات
651 04 - المدخل الاضافى بالموضوع - اسم جغرافى
الاسم الجغرافي مصر
التقسيم الفرعي العام الاحوال السياسية
651 04 - المدخل الاضافى بالموضوع - اسم جغرافى
الاسم الجغرافي مصر
التقسيم الفرعي العام تاريخ
700 0# - المدخل الاضافى - اسم شخصى
الإسم الشخصى ناجى رمضان
الدور مترجم
700 0# - المدخل الاضافى - اسم شخصى
الإسم الشخصى دينا عزت
الدور مراجع
942 ## - عناصر المدخل الإضافي( كوها)
مصدر التصنيف او مخطط الترفيف Dewey Decimal Classification
Koha [default] item type كتاب
260 ## - PUBLICATION, DISTRIBUTION, ETC. (IMPRINT)
-- القاهرة :
-- دار الشروق ،
Holdings
حالة التراجع حالة الفقد حالة تلف ليس للاعارة المكان المؤقت الموقع الحالى موقع الترفيف تاريخ الاكتساب اجمالي اﻻعارات رقم الطلب الباركود تاريخ اخر مشاهدة تاريخ تفعيل السعر نوع وعاء كوها
        مكتبة القاهرة الكبرى مكتبة القاهرة الكبرى   11/23/2016   923.2 ق/ب ب 162785 11/23/2016 11/23/2016 كتاب

Powered By

EGPV